00723nam a2200217 a 450000100100000000500170001000800410002702000150006804000250008308200180010810000320012624500430015826000500020130000210025165000280027265000310030065000260033104900090035795201220036699900170048800002439220200930022951.0110126s2001 gd 000 f spa d a8495805014 aDO-SdBNPbspacBNPHU a863.64bP912m1 aPrat, Isidro,d1951-95002210aMediterráneo asesino /cIsidro Prat. aArmilla, (Granada) :bEdiciones Osuna,c2001. a115 p. ;c24 cm. 4aNovela española91123 4aLiteratura española9632 4aNovela amorosa913334 aBNRG 001054708MOaGRbGRcCTd2011-01-26iLF1l0o863.64 P912mp24392-10r2020-06-25w2020-06-25y4ZPréstamo en sala c23885d23885